Economic sociology in the next decade and beyond (Record no. 73843)

000 -LEADER
fixed length control field 01620pab a2200181 454500
008 - FIXED-LENGTH DATA ELEMENTS--GENERAL INFORMATION
fixed length control field 180718b2007 xxu||||| |||| 00| 0 eng d
100 ## - MAIN ENTRY--PERSONAL NAME
Personal name Beamish, Thomas D.
245 ## - TITLE STATEMENT
Title Economic sociology in the next decade and beyond
260 ## - PUBLICATION, DISTRIBUTION, ETC.
Date of publication, distribution, etc. 2007
300 ## - PHYSICAL DESCRIPTION
Extent p.993-1014.
362 ## - DATES OF PUBLICATION AND/OR SEQUENTIAL DESIGNATION
Dates of publication and/or sequential designation Apr
520 ## - SUMMARY, ETC.
Summary, etc. This article assesses "Economic Sociology in the Next Decade and Beyond". In addressing this broad thematic, as it relates to what some have called the new economic sociology, the article notes the "legacy effectg" that a polemic with conventional economic conceptualizations has had on the recent reemergence and shape of this field, the relationship that the predominate schools of thought have to one another and the centrifugal tendencies they currently exhibit in this field, and the relationship this field of study currently has to general sociological theories and research streams. The article expressly argues that it is essential to the current and future relevance of the new economic sociology that it seek to bridge key concepts and ideas across methodologically and substantively distinct subfoci within its purview; enhance the theoretical continuity between its findings and theoretical insights and those that explain more generic sociological processes; and more explicitly theorize the role of agency, materiality, and the place of inequality in economic contexts, especially markets, as these are currently undertheorized in this field of study. - Reproduced.
650 ## - SUBJECT ADDED ENTRY--TOPICAL TERM
Topical term or geographic name entry element Sociology
650 ## - SUBJECT ADDED ENTRY--TOPICAL TERM
Topical term or geographic name entry element Economic sociology
773 ## - HOST ITEM ENTRY
Main entry heading American Behavioral Scientist
908 ## - PUT COMMAND PARAMETER (RLIN)
Put command parameter N
909 ## -
-- 73843
Holdings
Withdrawn status Lost status Damaged status Not for loan Permanent Location Current Location Date acquired Serial Enumeration / chronology Barcode Date last seen Price effective from Koha item type
        Indian Institute of Public Administration Indian Institute of Public Administration 2018-07-19 Volume no: 50, Issue no: 8 AR74303 2018-07-19 2018-07-19 Articles

Powered by Koha